[Event "10th Gashimov Mem Blitz"]
[Site "Shusha AZE"]
[Date "2024.09.28"]
[Round "7.3"]
[White "Aravindh, Chithambaram VR."]
[Black "Artemiev, Vladislav"]
[Result "0-1"]
[WhiteTitle "GM"]
[BlackTitle "GM"]
[WhiteElo "2698"]
[BlackElo "2701"]
[WhiteFideId "5072786"]
[BlackFideId "24101605"]
[EventDate "2024.09.28"]

1. d4 Nf6 2. Nf3 e6 3. e3 c5 4. Bd3 d5 5. b3 Nc6 6. O-O cxd4 7. exd4 Qc7 8. a3
g6 9. Re1 Bg7 10. Bb2 O-O 11. Nbd2 b6 12. c4 dxc4 13. bxc4 Bb7 14. Rc1 Rfd8 15.
Bf1 Ng4 16. h3 Nxd4 17. Bxd4 Bxf3 18. Nxf3 Bxd4 19. hxg4 Bxf2+ 20. Kxf2 Rxd1 21.
Rexd1 Qc5+ 22. Kg3 Qxa3 23. c5 bxc5 24. Rb1 Qa4 25. g5 Qc6 26. Bb5 Qc7+ 27. Kf2
Rb8 28. Bc4 Rb4 29. Rbc1 Rb2+ 30. Be2 c4 31. Rd4 c3 32. Ke3 Qb6 33. Kd3 Qb5+ 34.
Rc4 Rxe2 35. Nd4 Re3+ 0-1

[Event "10th Gashimov Mem Blitz"]
[Site "Shusha AZE"]
[Date "2024.09.28"]
[Round "7.4"]
[White "Suleymanli, Aydin"]
[Black "Nepomniachtchi, Ian"]
[Result "1-0"]
[WhiteTitle "GM"]
[BlackTitle "GM"]
[WhiteElo "2632"]
[BlackElo "2755"]
[WhiteFideId "13413937"]
[BlackFideId "4168119"]
[EventDate "2024.09.28"]

1. e4 c5 2. Nf3 d6 3. d4 cxd4 4. Nxd4 Nf6 5. Nc3 a6 6. Bd3 e5 7. Nde2 Nc6 8. O-O
Be6 9. f4 exf4 10. Nxf4 Ne5 11. Be3 Be7 12. h3 O-O 13. Kh1 Qd7 14. Bd4 Rae8 15.
Qd2 Bd8 16. Rae1 Nc6 17. Bf2 Ne5 18. Bd4 b5 19. a3 Qc6 20. Qf2 Qb7 21. Qg3 Bb6
22. Nxe6 fxe6 23. Bxe5 dxe5 24. Qxe5 Bc7 25. Qg5 h6 26. Qg6 Be5 27. Rxf6 Bxf6
28. e5 Rd8 29. Qh7+ Kf7 30. Bg6+ Ke7 31. exf6+ Kxf6 32. Ne4+ 1-0

[Event "10th Gashimov Mem Blitz"]
[Site "Shusha AZE"]
[Date "2024.09.28"]
[Round "8.1"]
[White "Mamedyarov, Shakhriyar"]
[Black "Nepomniachtchi, Ian"]
[Result "0-1"]
[WhiteTitle "GM"]
[BlackTitle "GM"]
[WhiteElo "2733"]
[BlackElo "2755"]
[WhiteFideId "13401319"]
[BlackFideId "4168119"]
[EventDate "2024.09.28"]

1. Nf3 c5 2. g3 Nc6 3. Bg2 g6 4. c3 Bg7 5. d4 cxd4 6. cxd4 d5 7. O-O Nf6 8. Nc3
Ne4 9. Bf4 Nxc3 10. bxc3 O-O 11. Ne5 Nxe5 12. Bxe5 Bxe5 13. dxe5 Be6 14. Qd4 Qa5
15. Rfd1 Rfd8 16. Qb4 Qc7 17. f4 Rac8 18. Rd3 b6 19. Rad1 Kg7 20. a4 a5 21. Qd4
Qb8 22. R3d2 Qc7 23. Rd3 Rd7 24. h3 h5 25. Kh2 Qd8 26. Qe3 Rc5 27. Bf3 Bf5 28.
Rd4 e6 29. Kg2 Rdc7 30. Rc1 Qc8 31. Rd2 Rxc3 32. Rxc3 Rxc3 33. Qxb6 Qc4 34. Qd8
Be4 35. Qf6+ Kg8 36. Qd8+ Kh7 37. Qe7 Bxf3+ 38. exf3 Qc7 39. Qf6 Kg8 40. g4 hxg4
41. hxg4 Rc2 42. Rxc2 Qxc2+ 43. Kg3 Qc8 44. f5 exf5 45. gxf5 Qxf5 46. Qxf5 gxf5
47. Kf2 f6 48. exf6 Kf7 49. Ke3 Kxf6 50. f4 Ke7 51. Kd3 Kd7 52. Kc3 Kc6 53. Kd4 0-1

[Event "10th Gashimov Mem Blitz"]
[Site "Shusha AZE"]
[Date "2024.09.28"]
[Round "8.2"]
[White "Suleymanli, Aydin"]
[Black "Artemiev, Vladislav"]
[Result "1-0"]
[WhiteTitle "GM"]
[BlackTitle "GM"]
[WhiteElo "2632"]
[BlackElo "2701"]
[WhiteFideId "13413937"]
[BlackFideId "24101605"]
[EventDate "2024.09.28"]

1. e4 e5 2. Nf3 Nc6 3. Bb5 Nf6 4. d3 d6 5. c3 g6 6. O-O Bg7 7. h3 O-O 8. Re1 a6
9. Ba4 b5 10. Bc2 Re8 11. Nbd2 Bb7 12. a4 Nb8 13. b4 c5 14. Nb3 cxb4 15. cxb4
Nc6 16. Bd2 Qe7 17. axb5 axb5 18. Na5 Nxa5 19. bxa5 d5 20. Qb1 Qd7 21. Qb2 Nh5
22. Rab1 Bc6 23. exd5 Bxd5 24. Qxb5 Bc6 25. Qb4 Bxf3 26. gxf3 Rec8 27. Bb3 Qxd3
28. Be3 Qf5 29. Bd5 Ra6 30. Bb7 Rb8 31. Qc5 Bf8 32. Qc7 Rxb7 33. Rxb7 Qxf3 34.
Rb8 Qxh3 35. Rxf8+ Kxf8 36. Bh6+ Ke8 37. Qb8+ Ke7 38. Rxe5+ Kf6 39. Qh8+ 1-0

[Event "10th Gashimov Mem Blitz"]
[Site "Shusha AZE"]
[Date "2024.09.28"]
[Round "8.3"]
[White "Aravindh, Chithambaram VR."]
[Black "Abdusattorov, Nodirbek"]
[Result "1-0"]
[WhiteTitle "GM"]
[BlackTitle "GM"]
[WhiteElo "2698"]
[BlackElo "2766"]
[WhiteFideId "5072786"]
[BlackFideId "14204118"]
[EventDate "2024.09.28"]

1. e4 e5 2. Nf3 Nc6 3. Bb5 Bc5 4. c3 Nf6 5. d4 exd4 6. e5 Nd5 7. O-O Be7 8. Qb3
Nb6 9. a4 a6 10. Bd3 a5 11. cxd4 Nb4 12. Bf5 d5 13. Bxc8 Rxc8 14. Bd2 O-O 15.
Na3 c5 16. dxc5 Bxc5 17. Rac1 Qd7 18. Nb5 Nc4 19. Bxb4 axb4 20. Rcd1 Qe6 21.
Rfe1 Rfe8 22. h3 h6 23. Re2 Rcd8 24. Nc7 Qc6 25. Nxe8 Rxe8 26. Qd3 Rd8 27. b3
Na5 28. Nd4 Bxd4 29. Qxd4 Qc3 30. Qb6 Nc6 31. Qxb7 d4 32. Red2 d3 33. Qc7 Rd5
34. Qc8+ Rd8 35. Qxd8+ Nxd8 36. Rxd3 Qxe5 37. Rxd8+ Kh7 38. R8d3 f5 39. Re3 Qc5
40. Rd7 h5 41. g3 h4 42. gxh4 Qc1+ 43. Kh2 Qc2 44. Rf3 Qe4 45. Rdd3 g6 46. Rfe3
Qxh4 47. Kg2 Qg5+ 48. Rg3 Qe7 49. Rge3 Qg5+ 50. Kf1 Qf4 51. a5 Qc7 52. a6 Qc1+
53. Ke2 Qc7 54. Kd1 Kh6 55. Re6 Qa5 56. Rdd6 Qa1+ 57. Ke2 Qa2+ 58. Kf1 Qxb3 59.
Rxg6+ Kh5 60. a7 Qb1+ 61. Kg2 Qe4+ 62. Kh2 Qf4+ 63. Kg1 Qc1+ 64. Kg2 Qc8 65.
Rh6+ Kg5 66. Rdg6+ Kf4 67. Ra6 Qg8+ 68. Kh2 Qa8 69. Rh8 Qxh8 70. a8=Q Qd4 71.
Qb8+ Kf3 72. Qg3+ Ke2 73. Re6+ 1-0

[Event "10th Gashimov Mem Blitz"]
[Site "Shusha AZE"]
[Date "2024.09.28"]
[Round "8.4"]
[White "Mamedov, Rauf"]
[Black "Rapport, Richard"]
[Result "1-0"]
[WhiteTitle "GM"]
[BlackTitle "GM"]
[WhiteElo "2637"]
[BlackElo "2715"]
[WhiteFideId "13401653"]
[BlackFideId "738590"]
[EventDate "2024.09.28"]

1. Nf3 Nc6 2. e4 e5 3. d4 exd4 4. Bc4 d6 5. Nxd4 Be7 6. Nc3 Nf6 7. O-O O-O 8.
Re1 Re8 9. Bg5 Ne5 10. Bb3 h6 11. Bf4 c6 12. a4 Bf8 13. a5 Qc7 14. Bg3 Ng6 15.
h3 Bd7 16. Qd3 Rad8 17. Qc4 Be6 18. Nxe6 fxe6 19. a6 Ne5 20. Qe2 b5 21. f4 Nf7
22. e5 dxe5 23. fxe5 Nd5 24. Ne4 Be7 25. Qg4 Ng5 26. Kh2 Nxe4 27. Rxe4 Bc5 28.
Rf1 Qd7 29. c3 Rf8 30. Rf6 Kh8 31. Rxe6 Rf1 32. Re1 Ne3 33. Qe2 Rdf8 34. Rd6
Rxe1 35. Qxe1 Bxd6 36. Qxe3 Bb8 37. Bc2 Qe7 38. Qe4 g5 39. Qxc6 Qg7 40. Qxb5 h5
41. Qe2 Qh6 42. e6 Bxg3+ 43. Kxg3 g4 44. Qe5+ Kg8 45. hxg4 h4+ 46. Kh3 Qc1 47.
e7 Qh1+ 48. Qh2 Qxh2+ 49. Kxh2 Re8 50. b4 Rxe7 51. b5 Rc7 52. Be4 Rd7 1-0

[Event "10th Gashimov Mem Blitz"]
[Site "Shusha AZE"]
[Date "2024.09.28"]
[Round "9.1"]
[White "Mamedov, Rauf"]
[Black "Mamedyarov, Shakhriyar"]
[Result "0-1"]
[WhiteTitle "GM"]
[BlackTitle "GM"]
[WhiteElo "2637"]
[BlackElo "2733"]
[WhiteFideId "13401653"]
[BlackFideId "13401319"]
[EventDate "2024.09.28"]

1. e4 c5 2. Nf3 a6 3. g3 Nc6 4. Bg2 Nf6 5. d3 e5 6. h3 Be7 7. Nbd2 O-O 8. a3 d6
9. b4 cxb4 10. axb4 Nxb4 11. Ba3 d5 12. Nxe5 Qc7 13. Bxb4 Bxb4 14. Ng4 Bxg4 15.
hxg4 dxe4 16. O-O exd3 17. cxd3 Bxd2 18. Qxd2 Nxg4 19. Rfe1 Rab8 20. Rac1 Qd6
21. Bf3 Ne5 22. Be4 Rfd8 23. Qf4 Nxd3 24. Qh4 Nxe1 25. Qxh7+ Kf8 26. Qh8+ Ke7
27. Qh4+ Qf6 0-1

[Event "10th Gashimov Mem Blitz"]
[Site "Shusha AZE"]
[Date "2024.09.28"]
[Round "9.3"]
[White "Abdusattorov, Nodirbek"]
[Black "Suleymanli, Aydin"]
[Result "1/2-1/2"]
[WhiteTitle "GM"]
[BlackTitle "GM"]
[WhiteElo "2766"]
[BlackElo "2632"]
[WhiteFideId "14204118"]
[BlackFideId "13413937"]
[EventDate "2024.09.28"]

1. e4 e5 2. Nf3 Nc6 3. Bb5 a6 4. Ba4 Nf6 5. d3 b5 6. Bb3 Bc5 7. c3 d6 8. Bg5 h6
9. Bh4 Rb8 10. a4 g5 11. Bg3 Qe7 12. axb5 axb5 13. Nbd2 Be6 14. Bc2 Bb6 15. O-O
O-O 16. b4 Nh7 17. Re1 h5 18. h4 g4 19. Nh2 Rfd8 20. Kh1 Nf8 21. f3 Ng6 22. fxg4
hxg4 23. Bb3 Bxb3 24. Nxb3 Nxh4 25. Qxg4+ Ng6 26. Rf1 Qe6 27. Qxe6 fxe6 28. Bf2
Ra8 29. Bxb6 cxb6 30. g3 Kg7 31. Kg2 d5 32. Nf3 Rxa1 33. Rxa1 dxe4 34. dxe4 Rd3
35. Rc1 Nxb4 36. Ne1 Re3 37. Kf2 Rxe1 38. Kxe1 Nd3+ 39. Ke2 Nxc1+ 40. Nxc1 Ne7
41. Nd3 Nc6 42. Nb4 Ne7 43. Na6 Nc6 44. Nc7 b4 45. cxb4 Nxb4 46. Nxe6+ Kg6 47.
Nc7 Nc6 48. Ke3 Nd4 49. Nd5 b5 50. Nb4 Kg5 51. Nd3 Nc6 52. Nc5 Kg4 53. Kf2 b4
54. Nd3 b3 55. Kg2 Kg5 56. Kf3 Nd4+ 57. Ke3 Nc6 58. Kd2 Kg4 59. Kc3 Kxg3 60.
Kxb3 Kf3 61. Nxe5+ Nxe5 62. Kc3 Kxe4 1/2-1/2

[Event "10th Gashimov Mem Blitz"]
[Site "Shusha AZE"]
[Date "2024.09.28"]
[Round "9.4"]
[White "Artemiev, Vladislav"]
[Black "Nepomniachtchi, Ian"]
[Result "0-1"]
[WhiteTitle "GM"]
[BlackTitle "GM"]
[WhiteElo "2701"]
[BlackElo "2755"]
[WhiteFideId "24101605"]
[BlackFideId "4168119"]
[EventDate "2024.09.28"]

1. d4 Nf6 2. c4 e6 3. Nf3 d5 4. Nc3 Be7 5. Bg5 h6 6. Bh4 dxc4 7. e3 c5 8. dxc5
Qxd1+ 9. Rxd1 Nbd7 10. Bxc4 Nxc5 11. Ne5 Nfd7 12. Bg3 a6 13. Be2 Nxe5 14. Bxe5
f6 15. Bh5+ Kf8 16. Bc7 b5 17. b4 Nd7 18. a3 Ra7 19. Bg3 g5 20. O-O Kg7 21. Ne4
Nb6 22. Nd6 Rd8 23. Bf3 Bxd6 24. Bxd6 Rad7 25. Bc7 Rxd1 26. Bxd1 Rxd1 27. Rxd1
Nc4 28. Ba5 Kg6 29. Rd8 Bb7 30. Rd7 Bd5 31. Ra7 Nxa3 32. Rxa6 Nc2 33. Rb6 Bc4
34. Rd6 g4 35. Rd2 Ne1 36. Rd1 Nd3 37. f3 h5 38. Rd2 e5 39. Rd1 Kf5 40. Rd2 gxf3
41. gxf3 e4 42. fxe4+ Kxe4 43. Rg2 Kxe3 44. Rg7 f5 45. Re7+ Kf3 46. Rh7 Nf4 47.
h4 Kg4 48. Rg7+ Kf3 49. Kh2 Ne6 50. Rh7 Kg4 51. Rh8 f4 52. Kg2 Bd5+ 53. Kf2 Kxh4
54. Rg8 Kh3 55. Bd8 Bc4 56. Rg6 Nxd8 57. Rg5 h4 58. Rg7 Ne6 59. Rg6 Nd4 60. Rg7
Nc2 61. Kf3 Nxb4 62. Kxf4 Nd3+ 63. Kg5 Ne5 64. Rh7 Kg3 65. Kf5 Nf3 66. Rg7+ Kf2
67. Kg4 h3 68. Rh7 h2 0-1

[Event "10th Gashimov Mem Blitz"]
[Site "Shusha AZE"]
[Date "2024.09.28"]
[Round "10.1"]
[White "Mamedyarov, Shakhriyar"]
[Black "Artemiev, Vladislav"]
[Result "0-1"]
[WhiteTitle "GM"]
[BlackTitle "GM"]
[WhiteElo "2733"]
[BlackElo "2701"]
[WhiteFideId "13401319"]
[BlackFideId "24101605"]
[EventDate "2024.09.28"]

1. d4 Nf6 2. c4 e6 3. Nc3 d5 4. cxd5 exd5 5. Bg5 c6 6. e3 h6 7. Bh4 Be7 8. Bd3
O-O 9. Qc2 a5 10. Nf3 Re8 11. O-O Na6 12. a3 Nc7 13. Ne5 Ne6 14. Rad1 Nf8 15. f4
Ng4 16. Bxe7 Qxe7 17. Qe2 Nf6 18. Rde1 c5 19. g4 Be6 20. Qg2 cxd4 21. exd4 Qd8
22. f5 Bd7 23. h4 N6h7 24. Qxd5 Qxh4 25. Qxf7+ Kh8 26. Re3 Bc6 27. Bc4 Qh1+ 28.
Kf2 Qh2+ 29. Ke1 Nf6 30. g5 Qh4+ 31. Ke2 Qxg5 32. d5 Rxe5 33. Rxe5 Qg4+ 34. Kd3
N8d7 35. Re7 Nc5+ 36. Kc2 Ba4+ 37. Kb1 Rg8 38. Ba2 Qh3 39. Rc1 Qxf5+ 40. Ka1 Be8
41. Rxe8 Rxe8 42. d6 Rd8 43. Qc7 Rc8 44. Qe7 Qd7 45. Nd5 Nb3+ 46. Bxb3 Rxc1+ 47.
Ka2 Qxe7 48. dxe7 Re1 49. Nf4 g5 50. Ne6 g4 0-1

[Event "10th Gashimov Mem Blitz"]
[Site "Shusha AZE"]
[Date "2024.09.28"]
[Round "10.2"]
[White "Nepomniachtchi, Ian"]
[Black "Abdusattorov, Nodirbek"]
[Result "1/2-1/2"]
[WhiteTitle "GM"]
[BlackTitle "GM"]
[WhiteElo "2755"]
[BlackElo "2766"]
[WhiteFideId "4168119"]
[BlackFideId "14204118"]
[EventDate "2024.09.28"]

1. e4 c6 2. d4 d5 3. Nc3 dxe4 4. Nxe4 Bf5 5. Ng3 Bg6 6. c3 Nd7 7. h4 h6 8. Nf3
e6 9. h5 Bh7 10. Bd3 Bxd3 11. Qxd3 Ngf6 12. Bf4 Qa5 13. Bd2 Bd6 14. c4 Qa6 15.
Ne2 O-O-O 16. O-O e5 17. dxe5 Bxe5 18. Nxe5 Nxe5 19. Qf5+ Nfd7 20. b3 Qa3 21.
Bc3 Rhe8 22. Ng3 Qe7 23. Rad1 g6 24. Qh3 Kb8 25. Rfe1 Qg5 26. Ne4 Qf4 27. Nd6
Re6 28. Nxf7 Qxf7 29. Bxe5+ Kc8 30. Bh2 Rde8 31. Rxe6 Qxe6 32. Qxe6 Rxe6 33.
hxg6 Rxg6 34. Rd6 Rxd6 35. Bxd6 Nf6 36. f3 Kd7 37. Bf4 h5 38. Kf2 Ke6 39. Ke3
Kf5 40. Bb8 a6 41. Ba7 Nd7 42. Bd4 Nf8 43. Kf2 Ne6 44. Be3 Nf8 45. Kg3 Ng6 46.
Kh3 b5 47. cxb5 cxb5 48. Kg3 Ne5 49. Kh4 Kg6 50. Bd2 Nd3 51. g4 hxg4 52. fxg4
Nc5 53. Kh3 Ne4 54. Ba5 Kg5 55. Bd8+ Kg6 56. Kg2 Nc3 57. a3 Nb1 58. a4 bxa4 59.
bxa4 Nc3 60. a5 Nb5 61. Kf3 Kf7 62. Ke4 Ke6 63. g5 Nd6+ 64. Kf4 Nf7 65. Bb6 Nxg5
66. Kxg5 Kd7 67. Kf5 Kc6 68. Ke6 Kb7 69. Kd7 Ka8 70. Kc8 1/2-1/2

[Event "10th Gashimov Mem Blitz"]
[Site "Shusha AZE"]
[Date "2024.09.28"]
[Round "10.3"]
[White "Suleymanli, Aydin"]
[Black "Rapport, Richard"]
[Result "0-1"]
[WhiteTitle "GM"]
[BlackTitle "GM"]
[WhiteElo "2632"]
[BlackElo "2715"]
[WhiteFideId "13413937"]
[BlackFideId "738590"]
[EventDate "2024.09.28"]

1. e4 g6 2. d4 Bg7 3. Nf3 d6 4. h3 a6 5. Bd3 e6 6. O-O Ne7 7. c3 Nd7 8. Bf4 h6
9. Bg3 b6 10. Nbd2 Bb7 11. a4 O-O 12. Re1 e5 13. dxe5 dxe5 14. Nc4 Nc6 15. b4
Qe7 16. Ne3 Rae8 17. Bh4 Nf6 18. Nd5 Qd6 19. Bxf6 Bxf6 20. Qe2 Nb8 21. Ne3 h5
22. Rad1 Qe7 23. Qc2 c6 24. Nc4 Qc7 25. Bf1 Re6 26. Rd2 b5 27. Na5 Bc8 28. Red1
Be7 29. Qb3 Rf6 30. c4 bxa4 31. Qc3 Rf4 32. c5 Rxe4 33. Nc4 Be6 34. Nd6 Bxd6 35.
cxd6 Qb6 36. Ng5 Rf4 37. Nxe6 fxe6 38. Qg3 Kh7 39. d7 h4 40. Qe3 Qd8 41. Qxe5 a3
42. Bd3 R4f6 43. Bb1 R8f7 44. Qxb8 Qxb8 45. d8=Q Qxd8 46. Rxd8 Rxf2 47. Ra8 a2
48. Be4 Rf1+ 49. Rxf1 Rxf1+ 50. Kxf1 a1=Q+ 51. Kf2 Qd4+ 52. Kf3 Qc3+ 53. Kf2
Qxb4 54. Bf3 a5 55. Ra6 a4 0-1

[Event "10th Gashimov Mem Blitz"]
[Site "Shusha AZE"]
[Date "2024.09.28"]
[Round "10.4"]
[White "Aravindh, Chithambaram VR."]
[Black "Mamedov, Rauf"]
[Result "1-0"]
[WhiteTitle "GM"]
[BlackTitle "GM"]
[WhiteElo "2698"]
[BlackElo "2637"]
[WhiteFideId "5072786"]
[BlackFideId "13401653"]
[EventDate "2024.09.28"]

1. e4 c5 2. Nf3 d6 3. c3 Nf6 4. h3 g6 5. Bd3 Bg7 6. O-O O-O 7. Bc2 Nc6 8. a3 e5
9. b4 b6 10. d3 h6 11. Nbd2 Be6 12. Bb2 Rc8 13. Re1 a6 14. Nf1 d5 15. exd5 Nxd5
16. Ng3 Nf4 17. Bc1 Qc7 18. bxc5 bxc5 19. Be3 Nd5 20. Bxc5 Nxc3 21. Qd2 Rfd8 22.
Rac1 Na2 23. Rb1 Rb8 24. Rxb8 Rxb8 25. d4 Nxd4 26. Bxd4 exd4 27. Bxg6 Qc3 28.
Qf4 Rf8 29. Bf5 d3 30. Qg4 Kh8 31. Rd1 Nc1 32. Kh2 Rg8 33. Bxe6 fxe6 34. Qxe6
Qc7 35. Nh4 Rd8 36. Nf5 Ne2 37. Nxh6 Rf8 38. Rxd3 Rxf2 39. Qg8# 1-0

[Event "10th Gashimov Mem Blitz"]
[Site "Shusha AZE"]
[Date "2024.09.28"]
[Round "11.1"]
[White "Aravindh, Chithambaram VR."]
[Black "Mamedyarov, Shakhriyar"]
[Result "0-1"]
[WhiteTitle "GM"]
[BlackTitle "GM"]
[WhiteElo "2698"]
[BlackElo "2733"]
[WhiteFideId "5072786"]
[BlackFideId "13401319"]
[EventDate "2024.09.28"]

1. e4 e5 2. Nc3 Nc6 3. Bc4 Nf6 4. d3 Bc5 5. h3 d6 6. Nge2 Na5 7. Ng3 Nxc4 8.
dxc4 Be6 9. b3 h5 10. Qf3 h4 11. Nf5 Bxf5 12. exf5 e4 13. Qe2 Qe7 14. Bb2 Qe5
15. O-O-O Qxf5 16. f3 O-O-O 17. fxe4 Qg6 18. Rhf1 Rde8 19. Qf3 Rh5 20. Nd5 Nxd5
21. exd5 f6 22. Rde1 Rhh8 23. a3 a5 24. Kb1 Qg3 25. Qf5+ Kb8 26. Re6 Qxg2 27.
Rfe1 Rc8 28. Re7 Qg3 29. Qd7 Rhd8 30. Qb5 Bb6 31. b4 axb4 32. axb4 Qf3 33. Qa4
Qxh3 34. Qb5 Qf3 35. R7e4 h3 36. c5 h2 37. cxb6 h1=Q 38. bxc7+ Rxc7 39. Re8 Rxe8
40. Qxe8+ Rc8 0-1

[Event "10th Gashimov Mem Blitz"]
[Site "Shusha AZE"]
[Date "2024.09.28"]
[Round "11.2"]
[White "Mamedov, Rauf"]
[Black "Suleymanli, Aydin"]
[Result "0-1"]
[WhiteTitle "GM"]
[BlackTitle "GM"]
[WhiteElo "2637"]
[BlackElo "2632"]
[WhiteFideId "13401653"]
[BlackFideId "13413937"]
[EventDate "2024.09.28"]

1. e4 e5 2. Nf3 Nc6 3. Bc4 Nf6 4. d4 exd4 5. e5 d5 6. Bb5 Ne4 7. Nxd4 Bc5 8. Be3
O-O 9. Nxc6 bxc6 10. Bxc5 Nxc5 11. Bxc6 Rb8 12. Qxd5 Qe7 13. O-O Rxb2 14. Nc3
Rxc2 15. Qd4 Ne6 16. Qd3 Rb2 17. Nd5 Qh4 18. Qa3 Qd4 19. Ne7+ Kh8 20. Bd5 Rxf2
21. Kh1 Rd8 22. Bf3 Rxf1+ 23. Rxf1 Qxe5 24. Nxc8 Rxc8 25. Qxa7 Qb5 26. Rc1 g6
27. h3 Qb2 28. Re1 Rd8 29. a4 Qb4 30. Ra1 Qc3 31. Qg1 Nd4 32. Rd1 Rd6 33. Bg4 h5
34. Bf3 Nxf3 0-1

[Event "10th Gashimov Mem Blitz"]
[Site "Shusha AZE"]
[Date "2024.09.28"]
[Round "11.3"]
[White "Rapport, Richard"]
[Black "Nepomniachtchi, Ian"]
[Result "1/2-1/2"]
[WhiteTitle "GM"]
[BlackTitle "GM"]
[WhiteElo "2715"]
[BlackElo "2755"]
[WhiteFideId "738590"]
[BlackFideId "4168119"]
[EventDate "2024.09.28"]

1. e4 c5 2. Nf3 d6 3. c3 Nf6 4. Be2 e5 5. Bb5+ Bd7 6. Bxd7+ Qxd7 7. d3 Nc6 8.
Bg5 Be7 9. Nbd2 O-O 10. Bxf6 Bxf6 11. Qb3 Ne7 12. Nc4 d5 13. Ne3 c4 14. dxc4
dxe4 15. Nd2 Bg5 16. O-O-O Qc6 17. Qb5 Qxb5 18. cxb5 f5 19. Kc2 Rac8 20. Nec4
Bxd2 21. Nxd2 Kf7 22. Kb3 Ke6 23. Nc4 Rfd8 24. a4 Nd5 25. Na5 b6 26. Nc6 Rd7 27.
g3 a5 28. c4 Nf6 29. c5 bxc5 30. Rxd7 Nxd7 31. Nxa5 c4+ 32. Nxc4 Nc5+ 33. Ka3
Nxa4 34. b6 Nc5 35. Rd1 Nb7 36. Kb4 f4 37. Kb5 g5 38. b4 g4 39. Re1 Kd5 40. Rd1+
Ke6 41. Re1 Kd5 42. Rd1+ 1/2-1/2

[Event "10th Gashimov Mem Blitz"]
[Site "Shusha AZE"]
[Date "2024.09.28"]
[Round "11.4"]
[White "Abdusattorov, Nodirbek"]
[Black "Artemiev, Vladislav"]
[Result "1/2-1/2"]
[WhiteTitle "GM"]
[BlackTitle "GM"]
[WhiteElo "2766"]
[BlackElo "2701"]
[WhiteFideId "14204118"]
[BlackFideId "24101605"]
[EventDate "2024.09.28"]

1. e4 e5 2. Nf3 Nc6 3. g3 Nf6 4. d3 Bc5 5. Bg2 d6 6. Nc3 a5 7. O-O O-O 8. h3 Ne7
9. Bg5 Ne8 10. d4 exd4 11. Nxd4 h6 12. Be3 Nf6 13. Qd2 Re8 14. Rad1 Ng6 15. Ndb5
Bxe3 16. Qxe3 Bd7 17. a4 Qc8 18. Kh2 Re5 19. f3 Rh5 20. h4 Rc5 21. Kg1 Bxb5 22.
Nxb5 Rxc2 23. Rc1 Rxc1 24. Rxc1 Ne8 25. Nxc7 Nxc7 26. Qb6 Ra6 27. Qxc7 Qxc7 28.
Rxc7 Rb6 29. f4 Rxb2 30. Bf1 Nf8 31. f5 Nh7 32. Rc8+ Nf8 33. Bc4 Rb4 34. Rc7 Nh7
35. Bxf7+ Kf8 36. Bd5 Nf6 37. Rf7+ Ke8 38. Rxg7 Rxa4 39. Rxb7 Rd4 40. Rb5 a4 41.
Ra5 Rd3 42. Rxa4 Nxd5 43. exd5 Rxg3+ 44. Kf2 Rd3 45. Re4+ Kf7 46. Re6 Rxd5 47.
Rxh6 Rxf5+ 48. Ke3 1/2-1/2

[Event "10th Gashimov Mem Blitz"]
[Site "Shusha AZE"]
[Date "2024.09.28"]
[Round "12.2"]
[White "Artemiev, Vladislav"]
[Black "Rapport, Richard"]
[Result "1-0"]
[WhiteTitle "GM"]
[BlackTitle "GM"]
[WhiteElo "2701"]
[BlackElo "2715"]
[WhiteFideId "24101605"]
[BlackFideId "738590"]
[EventDate "2024.09.28"]

1. Nf3 Nf6 2. c4 g6 3. b3 d6 4. Bb2 Bg7 5. g3 O-O 6. Bg2 e5 7. d3 Re8 8. O-O a5
9. Nc3 Na6 10. a3 c6 11. b4 Bd7 12. b5 Nc5 13. Nd2 h5 14. h4 Ng4 15. bxc6 bxc6
16. Nce4 Nxe4 17. Nxe4 Rb8 18. Bc3 d5 19. Nc5 Bf5 20. e4 Bc8 21. cxd5 cxd5 22.
exd5 Rb5 23. d4 Bf5 24. a4 exd4 25. Bxd4 Bxd4 26. Qxd4 Rb4 27. Qd2 Qd6 28. Rac1
Rc8 29. Ne4 Rxe4 30. Rxc8+ Kh7 31. Bxe4 Bxe4 32. Qd4 1-0

[Event "10th Gashimov Mem Blitz"]
[Site "Shusha AZE"]
[Date "2024.09.28"]
[Round "12.3"]
[White "Nepomniachtchi, Ian"]
[Black "Mamedov, Rauf"]
[Result "0-1"]
[WhiteTitle "GM"]
[BlackTitle "GM"]
[WhiteElo "2755"]
[BlackElo "2637"]
[WhiteFideId "4168119"]
[BlackFideId "13401653"]
[EventDate "2024.09.28"]

1. e4 c5 2. Nf3 Nc6 3. Bb5 Nf6 4. Nc3 g6 5. O-O Bg7 6. Re1 O-O 7. e5 Nh5 8. Bxc6
dxc6 9. d3 f6 10. exf6 Nxf6 11. h3 Nd5 12. Ne4 b6 13. Neg5 Qd6 14. Qe2 Bd7 15.
Ne5 Rae8 16. Bd2 Bc8 17. Rad1 Qf6 18. Bc1 Rd8 19. Ngf3 Rd6 20. Nh2 Nf4 0-1

[Event "10th Gashimov Mem Blitz"]
[Site "Shusha AZE"]
[Date "2024.09.28"]
[Round "12.4"]
[White "Suleymanli, Aydin"]
[Black "Aravindh, Chithambaram VR."]
[Result "0-1"]
[WhiteTitle "GM"]
[BlackTitle "GM"]
[WhiteElo "2632"]
[BlackElo "2698"]
[WhiteFideId "13413937"]
[BlackFideId "5072786"]
[EventDate "2024.09.28"]

1. e4 e5 2. Nf3 Nc6 3. Bb5 a6 4. Ba4 d6 5. O-O Bg4 6. h3 Bh5 7. c3 Be7 8. Re1
Nf6 9. d3 O-O 10. Nbd2 Nd7 11. Nf1 Nc5 12. Bc2 Ne6 13. Ng3 Bxf3 14. Qxf3 Bg5 15.
Be3 g6 16. b4 Kh8 17. Bb3 Ng7 18. Bd5 f5 19. exf5 gxf5 20. Bxg5 Qxg5 21. a4 e4
22. dxe4 Ne5 23. Qd1 f4 24. Nf1 f3 25. g3 Nh5 26. Qc1 Nf4 27. Kh2 Qh5 28. gxf4
Qh4 29. Ng3 Ng4+ 30. Kg1 Qxh3 0-1

[Event "10th Gashimov Mem Blitz"]
[Site "Shusha AZE"]
[Date "2024.09.28"]
[Round "13.1"]
[White "Suleymanli, Aydin"]
[Black "Mamedyarov, Shakhriyar"]
[Result "0-1"]
[WhiteTitle "GM"]
[BlackTitle "GM"]
[WhiteElo "2632"]
[BlackElo "2733"]
[WhiteFideId "13413937"]
[BlackFideId "13401319"]
[EventDate "2024.09.28"]

1. e4 e5 2. Nf3 Nc6 3. Bb5 a6 4. Ba4 Nf6 5. O-O Nxe4 6. d4 b5 7. Bb3 d5 8. dxe5
Be6 9. Nbd2 Be7 10. c3 Qd7 11. Bc2 Bf5 12. Nb3 Bg4 13. Nbd4 Nxd4 14. Qxd4 c5 15.
Qe3 Rd8 16. Rd1 Qc6 17. a4 O-O 18. axb5 axb5 19. Ra7 Qe6 20. h3 Bf5 21. Qe2 Rfe8
22. Be3 h6 23. Rda1 Rb8 24. R1a6 Rb6 25. Rxe7 Rxe7 26. Ra8+ Re8 27. Rxe8+ Qxe8
28. Bxc5 Ra6 29. Bb4 Ra2 30. Bb3 Ra1+ 31. Kh2 Qe6 32. Qe3 Rb1 33. Ba3 Bg6 34.
Qf4 Nxf2 35. Nd4 Rh1+ 36. Kg3 Ne4+ 37. Qxe4 Bxe4 38. Nxe6 fxe6 39. Bc5 Rb1 40.
Bf2 Rxb2 41. Bd1 Rd2 42. Bg4 Kf7 43. h4 Rd3+ 44. Kf4 Rxc3 45. g3 b4 46. Bd4 Rc4 0-1